Guía de productos fitosanitarios para la República Argentina.
Guardado en:
| Autor Corporativo: | |
|---|---|
| Formato: | Libro |
| Idioma: | Spanish |
| Publicado: |
Buenos Aires :
Cámara de Sanidad Agropecuaria y Fertilizantes, CASAFE.,
2003.
|
| Edición: | 11a ed. |
| Etiquetas: |
Agregar Etiqueta
Sin Etiquetas, Sea el primero en etiquetar este registro!
|
| LEADER | 00979nam a22002055a 4500 | ||
|---|---|---|---|
| 001 | EEA.libagro007103 | ||
| 005 | 20190307131011.0 | ||
| 008 | 130809s2003####ag#a##########000#0#spa#d | ||
| 020 | |a 9879942477 (obra completa) | ||
| 082 | 0 | 4 | |a 632.95 |
| 110 | 2 | |a Cámara de Sanidad Agropecuaria y Fertilizantes. | |
| 245 | 1 | 0 | |a Guía de productos fitosanitarios para la República Argentina. |
| 250 | |a 11a ed. | ||
| 260 | |a Buenos Aires : |b Cámara de Sanidad Agropecuaria y Fertilizantes, CASAFE., |c 2003. | ||
| 300 | |a 2 v. : |b il. ; |c 23 cm. | ||
| 505 | 0 | |a v.1. Generalidades, herbicidas -- v.2. Insecticidas, fungicidas productos, varios y fertilizantes | |
| 859 | |a AR-BbBCA |b BIB. AGRONOMIA |h 632.95 |i A691a11 2003 |p 2003/4474 |v Vol. 1 |3 Vol. 1 | ||
| 859 | |a AR-BbBCA |b BIB. AGRONOMIA |h 632.95 |i A691a11 2003 |p 2004/4695 |t Ej.2 |v 1 |3 Vol. 1 | ||
| 859 | |a AR-BbBCA |b BIB. AGRONOMIA |h 632.95 |i A691a11 2003 |p 2003/4475 |v 2 |3 Vol. 2 | ||
| 859 | |a AR-BbBCA |b BIB. AGRONOMIA |h 632.95 |i A691a11 2003 |p 2004/4696 |t Ej.2 |v 2 |3 Vol. 2 | ||
